000 01038nam0a22002531 4500
001 rc\4050347
005 20260406201028.0
021 _aRU
_b[54-22546]
035 _a(NLR Aleph) 008105416
090 _a9270358
_c9270358
100 _a20130415d1954 |||y0rusy50 ca
101 0 _arus
102 _aRU
105 _ay z |||||
200 1 _aЛетнее стойлово-лагерное содержание скота
_eРек. список литературы
_fТомская обл. б-ка им. А.С. Пушкина. Справочно-библиогр. отд.
210 _a[Томск
_cБ. и.
_d1954]
215 _a3 с.
_d15
606 _aСельскохозяйственные животные
_xСтойловое содержание
_jБиблиография
_2psbo
712 0 2 _aТомская областная библиотека им. А. С. Пушкина
_3RU\NLR\AUTH\889960625
_9417528
801 0 _aRU
_bNLR
_gpsbo
801 1 _aRU
_bELAR
_2rusmarc
852 _aNLR
_jС381-660/Л-52
942 _cBOOK
980 _aNB